000 00821nam a22002532 4500
001 4790
003 BD-RjUL
005 20211208233945.0
008 131222s1956 enkk b 011 0 engdd
035 _a(BD-RjUL)4825
_aOCLC ocm17681873 from D980205M
040 _aNDL
_cNDL
_dEQO
_beng
041 _aeng
082 0 0 _b SUS 1956
_223
_a346.4202
100 _aSutton, Ralph
_9162430
245 1 0 _aSutton and Shannon on contracts /
_cRalph Sutton, N P Shannon
250 _a5th ed. / by K. W. Wedderburn
260 _aLondon :
_bButterworths,
_c1956.
300 _axcix, 522, [33] p. ;
_c23 cm.
504 _aIncludes bibliographical references and index
650 0 _aContracts
_zGreat Britain.
_915112
700 1 _aShannon, N. P.
_q(Norman Pasquilla)
_914756
700 1 _aWedderburn, K. W.
_9162431
942 _2ddc
_cBK
999 _c4790
_d4790